Ours once more : folklore, ideology and the making of modern Greece
Αποθηκεύτηκε σε:
| Κύριος συγγραφέας: | |
|---|---|
| Μορφή: | Βιβλίο |
| Γλώσσα: | English |
| Δημοσίευση: |
Austin :
University of Texas Press,
1982
|
| Σειρά: | Dan Danciger publication series
|
| Θέματα: | |
| Ετικέτες: |
Προσθήκη ετικέτας
Δεν υπάρχουν, Καταχωρήστε ετικέτα πρώτοι!
|
MARC
| LEADER | 00000pam a2200000 i 4500 | ||
|---|---|---|---|
| 001 | 1/91652 | ||
| 008 | 940922s1982 a eng d | ||
| 020 | |a 0-292-76018-3 | ||
| 035 | |l 10008119 | ||
| 040 | |a GR-MY-UA |b gre |e aacr | ||
| 041 | 0 | |a eng | |
| 082 | 0 | |a 398.09495 | |
| 100 | 1 | |a Herzfeld, Michael |d 1947- | |
| 245 | 1 | 0 | |a Ours once more : |b folklore, ideology and the making of modern Greece / |c Michael Herzfeld |
| 260 | |a Austin : |b University of Texas Press, |c 1982 | ||
| 300 | |a x, 197 σ.; |b 1 χαρτ.; |c 24 εκ. | ||
| 490 | 1 | |a Dan Danciger publication series | |
| 504 | |a Περιέχει βιβλιογραφία και ευρετήριο | ||
| 650 | 0 | 0 | |a Folklore and nationalism |z Greece. |
| 650 | 0 | 0 | |a National characteristics, Greek. |
| 767 | 0 | 8 | |t Πάλι δικά μας : |
| 830 | 0 | |a Dan Danciger publication series | |
| 852 | |a INST |b LESVOS |e 19940922 |h 398.09495 HER |p 005100003625 |q 005100003625 |t BK |y 0 | ||
| 909 | |a Λ |b 005960 | ||